Štruktúra príjmov a výdavkov domácností SR v roku 1996 Príloha Hospodárskych novín
Uspokojovanie životnej úrovne obyvateľov Slovenska z pohľadu evidovaných príjmov a výdavkov domácností SR za r. 1996. Štruktúra čistých peňažných výdavkov. Peňažné príjmy domácností podľa počtu detí.
Guardado en:
| Formato: | Capítulo de libro |
|---|---|
| Lenguaje: | eslovaco |
| Materias: | |
| Etiquetas: |
Sin Etiquetas, Sea el primero en etiquetar este registro!
|
MARC
| LEADER | 00000naa a2200000 4500 | ||
|---|---|---|---|
| 001 | r026221 | ||
| 005 | 20230824090417.0 | ||
| 041 | 0 | |a slo | |
| 044 | |a SK | ||
| 245 | 1 | 0 | |a Štruktúra príjmov a výdavkov domácností SR v roku 1996 |b Príloha Hospodárskych novín |
| 520 | |a Uspokojovanie životnej úrovne obyvateľov Slovenska z pohľadu evidovaných príjmov a výdavkov domácností SR za r. 1996. Štruktúra čistých peňažných výdavkov. Peňažné príjmy domácností podľa počtu detí. | ||
| 610 | 2 | 0 | |a Slovensko |
| 610 | 2 | 0 | |a 1996 |
| 610 | 2 | 0 | |a domácnosti |
| 610 | 2 | 0 | |a príjmy peňažné |
| 610 | 2 | 0 | |a výdavky |
| 610 | 2 | 0 | |a úroveň životná |
| 610 | 2 | 0 | |a údaje štatistické |